| 000 | 02289 a2200229 4500 | ||
|---|---|---|---|
| 001 | 54376 | ||
| 005 | 20260407155816.0 | ||
| 008 | 260407a1958 arg spa d | ||
| 003 | AR-UNSa-BCEJYS | ||
| 040 |
_aAR-UNSa-BCEJYS _bspa _cAR-UNSa-BCEJYS |
||
| 080 |
_a351 _xFunciones propias de la administración pública |
||
| 245 | 1 | 0 | _aPrincipios de hacienda pública |
| 250 | _a5a.ed. | ||
| 264 | 1 |
_aMadrid : _bAguilar _c1958 |
|
| 300 |
_a504 p. _c22 cm. |
||
| 505 | _aPrimera parte: Los ingresos no derivados del impuesto - I. De los precios cuasi-privados - II. De los precios públicos - III. Los precios políticos - IV. Las contribuciones - Segunda parte: Teoría general del impuesto - I. El problema de la repartición de los gastos públicos indivisibles.Características de los servicios públicos propios o técnicos,económicos y políticos - II. Dificultad de la repartición del coste de los servicios públicos por medio del impuesto - III. Los principios del sacrificio igual,proporcional y mínimo en la repartición del impuesto - IV. Principales tipos históricos de repartición de los impuestos - V. El sistema de distribución real de los impuestos - VI. El sistema de distribución nacional de los impuestos - VII. La reducción del objeto imponible a unidades homogéneas - VIII. Imposición de las superrentas y de las rentas ordinarias - IX. La exención de las primas de seguros sobre la vida y la de las reservas - X. La imposición sobre el consumo - XI. Efectos de los impuestos - XII. La determinación de la materia imponible - Tercera parte: La hacienda extraordinaria y la deuda pública - I. Gastos e ingresos extraordinarios de los entes públicos - II. Excedentes,economías,tesoros de guerra y enajenaciones patrimoniales - III. Impuestos estraordinarios y deuda pública - IV. Las formas provisionales de la deuda pública - V. Las formas permanentes de deuda pública - VI. De algunos problemas especiales de los empréstitos públicos - VII. La amortización de los empréstitos públicos - VIII. Del repudio de los empréstitos públicos - IX. De la conversión de los empréstitos públicos | ||
| 942 | _cBK | ||
| 590 | _aniveau_biblio:m niveau_hierar:0 | ||
| 100 | 1 | _aEinaudi, Luigi | |
| 700 | 1 | _aAlgarra, Jaime | |
| 700 | 1 | _aParedes, Miguel | |
| 999 |
_c5536 _d5536 |
||